书目信息 |
| 题名: |
唐飞天书画集
|
|
| 作者: | 唐飞天 著 | |
| 分册: | ||
| 出版信息: | 杭州 杭州出版社 2009.02 |
|
| 页数: | 1册 | |
| 开本: | 29cm | |
| 丛书名: | ||
| 单 册: | ||
| 中图分类: | J222.7 | |
| 科图分类: | ||
| 主题词: | 中国画--中国--现代--画册 , 法书--中国--现代--选集 , 法书 , 中国画 | |
| 电子资源: | ||
| ISBN: | 978-7-80758-192-5 | |
| 000 | 00673nam0 22002411 450 | |
| 001 | 004151951 | |
| 005 | 20110301145138.26 | |
| 010 | @a978-7-80758-192-5@b精装@dCNY120.00 | |
| 100 | @a20090518d2009 em y0chiy50 ea | |
| 101 | 0 | @achi@deng |
| 102 | @aCN@b330000 | |
| 105 | @aa z 000yy | |
| 200 | 1 | @a唐飞天书画集@9tang fei tian shu hua ji@f唐飞天著 |
| 210 | @a杭州@c杭州出版社@d2009.02 | |
| 215 | @a1册@c彩图@d29cm | |
| 606 | 0 | @a中国画@y中国@z现代@j画册 |
| 606 | 0 | @a法书@y中国@z现代@j选集 |
| 606 | 0 | @a法书 |
| 606 | 0 | @a中国画 |
| 690 | @aJ222.7@v4 | |
| 701 | 0 | @a唐飞天@9tang fei tian@c(女,@f1983~)@4著 |
| 801 | 0 | @c20110301 |
| 905 | @aZUCC@dJ222.7@eT230@f3 | |
| 唐飞天书画集/唐飞天著.-杭州:杭州出版社,2009.02 |
| 1册:彩图;29cm |
| ISBN 978-7-80758-192-5(精装):CNY120.00 |
| ● |
| 相关链接 |
|
|
|
正题名:唐飞天书画集
索取号:J222.7/T230
 
预约/预借
| 序号 | 登录号 | 条形码 | 馆藏地/架位号 | 状态 | 备注 |
| 1 | 1187613 | 211876139 | 社科库309/309社科库 75排3列3层/ [索取号:J222.7/T230] | 在馆 | |
| 2 | 1187614 | 211876148 | 社科库309/309社科库 75排3列3层/ [索取号:J222.7/T230] | 在馆 | |
| 3 | 1187615 | 211876157 | 社科库309/309社科库 75排3列3层/ [索取号:J222.7/T230] | 在馆 |